The civil war in France / (Record no. 19367)

MARC details
000 -LEADER
fixed length control field 00932cam a2200301 4500
001 - CONTROL NUMBER
control field 2200554
003 - CONTROL NUMBER IDENTIFIER
control field BDDh-ASL
005 - DATE AND TIME OF LATEST TRANSACTION
control field 20231015025758.0
008 - FIXED-LENGTH DATA ELEMENTS--GENERAL INFORMATION
fixed length control field 730921s1977 cc b 000 0 eng
010 ## - LIBRARY OF CONGRESS CONTROL NUMBER
LC control number 73169191
015 ## - NATIONAL BIBLIOGRAPHY NUMBER
National bibliography number USSR***
040 ## - CATALOGING SOURCE
Original cataloging agency DLC
Transcribing agency DLC
Modifying agency BDDh-ASL
041 1# - LANGUAGE CODE
Language code of text/sound track or separate title engger
043 ## - GEOGRAPHIC AREA CODE
Geographic area code e-fr---
050 00 - LIBRARY OF CONGRESS CALL NUMBER
Classification number DC312
Item number .M3 1972
082 00 - DEWEY DECIMAL CLASSIFICATION NUMBER
Classification number 944.081
Item number MAC
100 1# - MAIN ENTRY--PERSONAL NAME
Personal name Marx, Karl,
Dates associated with a name 1818-1883.
240 10 - UNIFORM TITLE
Uniform title Bürgerkrieg in Frankreich.
Language of a work English
245 14 - TITLE STATEMENT
Title The civil war in France /
Statement of responsibility, etc. [by] K. Marx.
260 ## - PUBLICATION, DISTRIBUTION, ETC.
Place of publication, distribution, etc. Peking, China :
Name of publisher, distributor, etc. Poreign Languages Press,
Date of publication, distribution, etc. 1977.
300 ## - PHYSICAL DESCRIPTION
Extent 90 p.
Dimensions 23 cm.
500 ## - GENERAL NOTE
General note Translation of Der Bürgerkrieg in Frankreich.
504 ## - BIBLIOGRAPHY, ETC. NOTE
Bibliography, etc. note Includes bibliographical references.
651 #0 - SUBJECT ADDED ENTRY--GEOGRAPHIC NAME
Geographic name Paris (France)
General subdivision History
Chronological subdivision Commune, 1871.
651 #0 - SUBJECT ADDED ENTRY--GEOGRAPHIC NAME
Geographic name Paris (France)
General subdivision History
Chronological subdivision Siege, 1870-1871.
906 ## - LOCAL DATA ELEMENT F, LDF (RLIN)
a 7
b cbc
c orignew
d 2
e ncip
f 19
g y-gencatlg
942 ## - ADDED ENTRY ELEMENTS (KOHA)
Source of classification or shelving scheme Dewey Decimal Classification
Koha item type Books
Holdings
Withdrawn status Lost status Source of classification or shelving scheme Damaged status Not for loan Collection code Home library Current library Shelving location Date acquired Source of acquisition Total Checkouts Full call number Barcode Date last seen Copy number Price effective from Koha item type
    Dewey Decimal Classification     Non-fiction Asiatic Society Library Asiatic Society Library Sirajul Islam Collection 11/25/2020 Donated by Professor Sirajul Islam, FRHS   944.081 MAC 102685 11/25/2020 C-1 11/25/2020 Books

Powered by Koha